00620nam a2200169Ia 4500008004100000020001800041100002700059245008900086250000600175260002500181500002400206650002800230942000700258952008400265952008400349999001700433230524s9999 xx 000 0 und d a7898183556262 awww.gkpublications.com 0aGATE Papers (1992-2012) & Practice Papers- Computer Science & Information Technology a1 aNew DelhibGKPc2012 aQuantity Number: 2 aPersonality Development cBK 00104070aTATCLbTATCLcGENd2023-05-24l0p47282r2023-05-24w2023-05-24yBK 00104070aTATCLbTATCLcGENd2023-05-24l0p47283r2023-05-24w2023-05-24yBK c52307d52307